Countries Without the Letters in "SPAIN" - Statistics

General Stats
  • This quiz has been taken 11 times
    4 since last reset
  • The average score is 4 of 5
Answer Stats
Continents Countries % Correct
Africa Togo
100%
Europe Greece
75%
Africa Morocco
75%
Asia Turkey
75%
Europe Luxembourg
50%
No matching quizzes found
Score Distribution
Percent of People with Each Score
Percentile by Number Answered
Your Score History
You have not taken this quiz since the last reset